F1 Winners: All Constructor GP Wins - Statistics

General Stats
  • This quiz has been taken 401 times
    348 since last reset
  • The average score is 21 of 38
Answer Stats
Season Grand Prix Team % Correct
1951 British Ferrari
98%
1968 Belgian McLaren
94%
2009 Chinese Red Bull
93%
1954 French Mercedes
92%
2021 Hungarian Alpine-Renault
89%
1960 Monaco Lotus
89%
1979 French Renault
89%
1979 British Williams
87%
1950 British Alfa Romeo
84%
2020 Italian AlphaTauri
83%
2009 Australian Brawn
83%
2008 Italian Toro Rosso
80%
2008 Canadian BMW Sauber
79%
2020 Sakhir Racing Point
78%
1964 Mexican Brabham
69%
1989 Japanese Benetton
68%
1998 Belgian Jordan
63%
1959 Dutch British Racing Motors (BRM)
62%
1958 Argentine Cooper
60%
1971 Spanish Tyrrell
60%
1957 British Vanwall
58%
1953 Italian Maserati
54%
1965 Mexican Honda
52%
1968 German Matra
48%
1999 European Stewart
47%
1962 French Porsche
40%
1979 Argentine Ligier
38%
1975 Dutch Hesketh
29%
1970 Spanish March
27%
1977 Argentine Wolf
27%
1977 Austrian Shadow
20%
1976 Austrian Penske
19%
2012 Abu Dhabi Lotus F1
17%
1950 Indianapolis 500 Kurtis Kraft
15%
1967 Belgian Eagle
13%
1956 Indianapolis 500 Watson
6%
1957 Indianapolis 500 Epperly
5%
1952 Indianapolis 500 Kuzma
5%
No matching quizzes found
Score Distribution
Percent of People with Each Score
Percentile by Number Answered
Your Score History
You have not taken this quiz since the last reset